Sherlock Episodes(BBC) - Statistics

General Stats
  • This quiz has been taken 839 times
  • The average score is 4 of 6
Answer Stats
Hint Answer % Correct
Episode One A Study in Pink
97%
Episode Two The Blind Banker
73%
Episode Three The Great Game
71%
Episode Six The Reichenbach Fall
70%
Episode Four A Scandal in Belgravia
65%
Episode Five The Hounds of Baskervile
57%
No matching quizzes found
Score Distribution
Percent of People with Each Score
Percentile by Number Answered
Your Score History
You have not taken this quiz